Statistiken für Top-10-Singles von Shakira

Klicken Sie hier um das Quiz zu spielen!

Allgemein

  • Dieses Quiz wurde 93 mal gespielt
  • Das Durchschnittsergebnis liegt bei 5 aus 11

Antwortstatistiken

ErscheinungsjahrTitel% Korrekt
2010Waka Waka (This Time for Africa)
95%
2001Whenever, Wherever / Suerte
74%
2006Hips Don’t Lie / Será, será (las caderas no mienten)
71%
2010Loca
48%
2014Can’t Remember to Forget You / Nunca Me Acuerdo de Olvidarte (feat. Rihanna)
39%
2009She Wolf / Loba
38%
2002Underneath Your Clothes
37%
2005La Tortura
30%
2007Beautiful Liar / Bello embustero (feat. Beyoncé)
28%
2005Don’t Bother
28%
2010Gypsy / Gitana
23%

Verteilung der Resultate

Perzentil nach korrekt beantworteten Fragen

Anzahl Personen mit jedem Resultat

Ihre Resultats-Entwicklung

Sie haben dieses Quiz noch nicht gespielt